Tile Select Maze - Statistics

General Stats
  • This quiz has been taken 232 times
  • The average score is 20 of 25
Answer Stats
Question Tile Select % Correct
that completes the maze |⠀⠀⠀⠀|
|⠀⠀⠀⠀|
|⠀⠀⠀⠀|
|_____|
No
95%
that completes the maze ____________
|⠀⠀⠀⠀⠀⠀⠀⠀⠀⠀ |____________
No
94%
that completes the maze _____
|⠀⠀⠀⠀|
|⠀⠀⠀⠀|
|⠀⠀⠀⠀|
|⠀⠀⠀⠀|
No
94%
that completes the maze _____
⠀⠀⠀⠀|
⠀⠀⠀⠀|
|⠀⠀⠀⠀|
|⠀⠀⠀⠀|
No
94%
that completes the maze |⠀⠀⠀⠀|
|⠀⠀⠀⠀|
|⠀⠀⠀⠀|
|⠀⠀⠀⠀|
No
92%
that completes the maze _____
|⠀⠀⠀⠀|
|⠀⠀⠀⠀|
|⠀⠀⠀⠀|
|⠀⠀⠀⠀|
No
92%
that completes the maze _____
⠀⠀⠀⠀|
⠀⠀⠀⠀|
|⠀⠀⠀⠀|
|⠀⠀⠀⠀|
No
91%
that completes the maze |⠀⠀⠀⠀|
|⠀⠀⠀⠀|
|⠀⠀⠀⠀|
|⠀⠀⠀⠀|
No
90%
that completes the maze |⠀⠀⠀⠀|
|⠀⠀⠀⠀|
⠀⠀⠀⠀|
_____|
No
89%
that completes the maze _____
⠀⠀⠀⠀
⠀⠀⠀⠀
|⠀⠀⠀⠀|
|⠀⠀⠀⠀|
No
89%
that completes the maze ___⠀⠀⠀⠀___

____________
No
83%
that completes the maze ____________

____________
No
81%
that completes the maze START Yes
80%
that completes the maze |⠀⠀⠀⠀|
|⠀⠀⠀⠀|
|⠀⠀⠀⠀|
|⠀⠀⠀⠀|
Yes
73%
that completes the maze |⠀⠀⠀⠀|
|⠀⠀⠀⠀|
|⠀⠀⠀⠀|
|⠀⠀⠀⠀|
Yes
69%
that completes the maze ____________

___⠀⠀⠀⠀___
Yes
68%
that completes the maze |⠀⠀⠀⠀|
|⠀⠀⠀⠀
|⠀⠀⠀⠀
|⠀⠀⠀⠀|
Yes
68%
that completes the maze _____
|⠀⠀⠀⠀
|⠀⠀⠀⠀
|⠀⠀⠀⠀|
|⠀⠀⠀⠀|
Yes
68%
that completes the maze ___⠀⠀⠀⠀___

____________
Yes
67%
that completes the maze |⠀⠀⠀⠀|
|⠀⠀⠀⠀|
|⠀⠀⠀⠀|
|⠀⠀⠀⠀|
Yes
67%
that completes the maze |⠀⠀⠀⠀|
|⠀⠀⠀⠀|
⠀⠀⠀⠀|
_____|
Yes
67%
that completes the maze |⠀⠀⠀⠀|
|⠀⠀⠀⠀|
|⠀⠀⠀⠀|
|⠀⠀⠀⠀|
Yes
67%
that completes the maze END Yes
67%
that completes the maze |⠀⠀⠀⠀|
|⠀⠀⠀⠀|
|⠀⠀⠀⠀
|_____
Yes
65%
that completes the maze _____
⠀⠀⠀⠀|
⠀⠀⠀⠀|
|⠀⠀⠀⠀|
|⠀⠀⠀⠀|
Yes
65%
No matching quizzes found
Score Distribution
Percent of People with Each Score
Percentile by Number Answered
Your Score History
You have not taken this quiz